Word Ladder: 3-Letter Potent Potables Quiz Stats

 Plays Quiz Updated Aug 30, 2014

Support Sporcle.
Go Orange.
Score 0/14 Timer 01:30
0 Plays Today
Clue 3-Letter Word % Correct
Yes, to a sailorAYE
95.6%
AK-47 or Colt 45, e.g.GUN
95.5%
Beer typeALE
95.3%
Alcohol often paired with Coca-Cola, perhapsRUM
94.9%
Participate in a raceRUN
94%
Martini ingredientGIN
92.9%
RelativesKIN
86.9%
Clue 3-Letter Word % Correct
Manhattan liquorRYE
84.8%
A term for calling a knightSIR
81.7%
Fish eggsROE
79.9%
A type of computer storageROM
78.2%
Margarita ingredient: Triple ___SEC
77.6%
Term denoting an error in notationSIC
75.2%
Crème de cassis cocktailKIR
72.9%

Today's Daily Dose

Quick Pick
'P' Beverages

Get the Picture
Fictional Counts

You're not logged in!

Compare scores with friends on all Sporcle quizzes.
OR
Log In

From the Vault

Group Clicking: Music

by Barbecue

If they stick together you could also call it Group Cliquing.
Remove Ads.
Support Sporcle.
Get the best of Sporcle when you Go Orange. This ad-free experience offers more features, more stats, and more fun while also helping to support Sporcle. Thank you for becoming a member.

Show Comments

Extras

Top Quizzes Today


Score Distribution

Your Account Isn't Verified!

In order to create a playlist on Sporcle, you need to verify the email address you used during registration. Go to your Sporcle Settings to finish the process.

Report this User

Report this user for behavior that violates our Community Guidelines.

Details: